Služba v láske doplňujúca literatúra k Sociálnej náuke cirkví

Bibliographic Details
Main Authors: Bujdová, Nataša, 1968- (Author), Dancák, František, 1939-2018 (Author)
Format: Book
Language:Slovak
PhysicalDescription:69 s. fotogr. 21 cm
Published: Bratislava VŠZaSP sv. Alžbety 2011
ISBN:9788081320033
Edition:1. vyd.
Subjects:

MARC

LEADER 00000nam a22000005a 4500
001 vtls010279818
003 SK-MaSNL
005 20260301084455.0
008 240314s2011 xo g 000 0 slo
015 |a SNBA2011/08-04267 
020 |a 9788081320033  |q (brož.) 
035 |a E1D94A95-C1F3-4F5D-8094-C95EAA742839 
035 |a urn:nbn:sk:snk-amjhvu 
035 |a urn:nbn:sk:snk-am0013aw 
040 |a SNK  |b slo  |c SNK  |e AACR2 
041 0 |a slo 
044 |a xo  |c SK 
072 7 |a 27-4  |x Praktická teológia. Morálna teológia  |2 konspekt 
080 |a 27-662  |2 2001 
080 |a 27-46  |2 2001 
080 |a 179.9  |2 2001 
080 |a 27-423.79  |2 2001 
080 |a 27-1/-9  |2 2001 
080 |a 27-277.2  |2 2001 
080 |a (0:82-32)  |2 2001 
100 1 |a Bujdová, Nataša,  |d 1968-  |4 aut  |9 236811 
245 1 0 |a Služba v láske  |b doplňujúca literatúra k Sociálnej náuke cirkví  |c Nataša Bujdová, František Dancák 
246 3 0 |a Doplňujúca literatúra k Sociálnej náuke cirkví 
250 |a 1. vyd. 
260 |a Bratislava  |b VŠZaSP sv. Alžbety  |c 2011 
300 |a 69 s.  |b fotogr.  |c 21 cm 
504 |a Bibliogr. s. 68-69 
650 0 7 |a sociálna náuka cirkvi  |2 SNKPH  |9 4231 
650 0 7 |a charitatívna činnosť  |2 SNKPH  |9 67695 
650 0 7 |a milosrdenstvo  |2 SNKPH  |9 19203 
650 0 7 |a kresťanská láska  |2 SNKPH  |9 4352 
650 0 7 |a biblické citáty  |2 SNKPH  |9 1914 
650 0 7 |a Social doctrine of the Church  |2 SNKPHeng  |9 325180 
650 0 7 |a kresťanské učenie  |2 SNKPH  |9 1960 
650 0 7 |a Charities  |2 SNKPHeng  |9 270803 
650 0 7 |a Mercy  |2 SNKPHeng  |9 346184 
650 0 7 |a Charity  |2 SNKPHeng  |9 314873 
650 0 7 |a Christian doctrine  |2 SNKPHeng  |9 306503 
650 0 7 |a Biblical quotations  |2 SNKPHeng  |9 268253 
655 7 |a príbehy  |2 SNKPH  |9 70507 
655 7 |a Stories  |2 SNKPHeng  |9 265785 
700 1 |a Dancák, František,  |d 1939-2018  |4 aut  |9 99141 
919 |a 978-80-8132-003-3 
958 |a NB 
958 |a NT 
968 |d 2 
999 |c 663513  |d 665443 
952 |a SNK  |b SNK  |y PREZ  |7 0  |p 17A0703268  |o snkSD 80214  |i snk2011/11559  |8 0  |0 0  |1 0  |4 0  |d 2011-05-19  |l 0  |r 2025-11-27 00:00:00  |w 2026-02-23 
952 |a SNK  |b SNK  |y VYP  |7 0  |p 17A0703269  |o snkSD 80214 D1  |i snk2011/11560  |8 0  |0 0  |1 0  |4 0  |d 2011-05-19  |f 1  |l 0  |r 2017-06-30 00:00:00  |w 2026-02-23